Các yếu tố ảnh hưởng đến quyết định sử dụng thẻ ghi nợ nội địa của khách hàng tại ngân hàng Nông nghiệp và Phát triển Nông thôn trên dịa bàn tỉnh An Giang : Luận văn Thạc sĩ kinh tế. Chuyên ngành: Tài chính ngân hàng

Đề tài đánh giá thực trạng cung ứng sản phẩm dịch vụ thẻ ghi nợ nội địa của Ngân hàng Nông nghiệp và PT Nông thôn trên địa bàn tỉnh An Giang. Phân tích các yếu tố ảnh hưởng đến quyết định sử dụng thẻ ghi nợ của khách hàng. Đề xuất các g...

詳細記述

保存先:
書誌詳細
第一著者: Huỳnh, An Khang
フォーマット: 図書
言語:Undetermined
出版事項: Cần Thơ Trường Đại học Cần Thơ 2012
主題:
タグ: タグ追加
タグなし, このレコードへの初めてのタグを付けませんか!
Thư viện lưu trữ: Trung tâm Học liệu Trường Đại học Cần Thơ
LEADER 01628nam a2200229Ia 4500
001 CTU_175986
008 210402s9999 xx 000 0 und d
082 |a 332.76 
082 |b Kh106 
088 |a 60340201 
100 |a Huỳnh, An Khang 
245 0 |a Các yếu tố ảnh hưởng đến quyết định sử dụng thẻ ghi nợ nội địa của khách hàng tại ngân hàng Nông nghiệp và Phát triển Nông thôn trên dịa bàn tỉnh An Giang : 
245 0 |b Luận văn Thạc sĩ kinh tế. Chuyên ngành: Tài chính ngân hàng 
245 0 |c Huỳnh An Khang ; Trương Đông Lộc (Hướng dẫn Khoa học) 
260 |a Cần Thơ 
260 |b Trường Đại học Cần Thơ 
260 |c 2012 
520 |a Đề tài đánh giá thực trạng cung ứng sản phẩm dịch vụ thẻ ghi nợ nội địa của Ngân hàng Nông nghiệp và PT Nông thôn trên địa bàn tỉnh An Giang. Phân tích các yếu tố ảnh hưởng đến quyết định sử dụng thẻ ghi nợ của khách hàng. Đề xuất các giải pháp phù hợp nhằm nâng cao hiệu quả kinh doanh dịch vụ thẻ ghi nợ của ngân hàng. 
650 |a Banks and banking,Debit cards,Ngân hàng và hoạt động ngân hàng,Thẻ ghi nợ,Banks and banking,Ngân hàng và hoạt động ngân hàng 
650 |x Customer services,Dịch vụ khách hàng 
904 |i Năm 
980 |a Trung tâm Học liệu Trường Đại học Cần Thơ